Statistics for Japanese Prefectures

Click here to take the quiz!

General Stats

  • This quiz has been taken 28,524 times
    (26,216 since last reset)
  • The average score is 24 of 47

Answers on the Map

Answers color-coded by a green-red scale on the quiz's map according to % correct below.
Loading ...
 

Answer Stats

Prefecture% Correct
Tokyo
97%
Hokkaido
89%
Osaka
87%
Kyoto
85%
Hiroshima
81%
Nagasaki
80%
Okinawa
76%
Fukushima
65%
Fukuoka
61%
Chiba
60%
Aomori
57%
Nagano
53%
Saitama
53%
Niigata
52%
Nara
52%
Akita
51%
Kanagawa
49%
Kagoshima
48%
Aichi
48%
Iwate
47%
Shizuoka
46%
Miyagi
46%
Gifu
46%
Gunma
46%
Hyōgo
45%
Tottori
45%
Ehime
45%
Kumamoto
45%
Mie
45%
Ibaraki
44%
Yamaguchi
44%
Yamagata
44%
Okayama
43%
Saga
43%
Wakayama
43%
Miyazaki
43%
Ōita
42%
Yamanashi
41%
Kagawa
41%
Fukui
41%
Kōchi
40%
Toyama
40%
Shiga
40%
Ishikawa
40%
Tochigi
40%
Shimane
39%
Tokushima
37%

Score Distribution

Percentile by Number Answered

Percent of People with Each Score

Your Score History

You have not taken this quiz since the last reset